000
00321nam a22001457a 4500
008
210506b ||||| |||| 00| 0 eng d
020
_a
9781133308409
041
_a
eng
080
_2
11th
_a
343.9
082
_a
343.9
100
_a
13
101
_a
KRI
245
_a
Criminal Procedure
_c
Kevin Buckler
942
_2
udc
_c
BK
999
_c
57085
_d
57085